Dilli jo ek sheher tha (Record no. 32303)

MARC details
000 -LEADER
fixed length control field 00315nam a22001457a 4500
003 - CONTROL NUMBER IDENTIFIER
control field SGT
082 ## - DEWEY DECIMAL CLASSIFICATION NUMBER
Classification number 340
Item number D22H
100 ## - MAIN ENTRY--PERSONAL NAME
Personal name Handa, Rajendra Lal
245 ## - TITLE STATEMENT
Title Dilli jo ek sheher tha
260 ## - PUBLICATION, DISTRIBUTION, ETC. (IMPRINT)
Place of publication, distribution, etc Haryana, India
Name of publisher, distributor, etc SGT University
Year of Publication 2022
300 ## - PAGE DESCRIPTION
No. of Pages 145
650 ## - SUBJECT ADDED ENTRY--TOPICAL TERM
Topical term or geographic name as entry element History
653 ## - KEYWORDS--INDEX TERM
Keyword term Delhi
942 ## - ADDED ENTRY ELEMENTS (KOHA)
Source of classification or shelving scheme Dewey Decimal Classification
Koha item type Books
Holdings
Withdrawn status Lost status Source of classification or shelving scheme Damaged status Not for loan Home library Current library Date acquired SGTU Total Checkouts Full call number Accession No. (Barcode) Date last seen Bill Date Koha item type
    Dewey Decimal Classification     SGT Dental Library SGT Dental Library 21/08/2025 SGTU   340 D22H FD9731 21/08/2025 21/08/2025 Books